Said Nursi Fethullah Gülen ve "laik" sempatizanları (Record no. 3777)

MARC details
000 -BAŞLIK
Sabit Uzunlukta Kontrol Alanı 00823na a2200265 4500
001 - KONTROL NUMARASI
Denetim Alanı 22117
003 - KONTROL NUMARASI IDENTIFIER
Denetim Alanı MIRAKIL
005 - SON İŞLEM TARİHİ VE ZAMANI
Denetim Alanı 20181213154943.0
008 - SABİT-BOY VERİ ELEMANLARI - GENEL BİLGİLER
Sabit Uzunlukta Kontrol Alanı 170210b tu 000 0
020 ## - ULUSLARARASI STANDART KİTAP NUMARASI
Uluslararası Standart Kitap Numarası 9756889004
040 ## - KATALOGLAMA KAYNAK
Orijinal Kataloglama Ajansı Milas
Kataloglama Dili tur
Metne Dönüştürmek Ajansı TR-AnCHP
041 ## - DİL KODU
Metin / Ses Parça Veya Ayrı Başlığın Dil Kodu tur
082 ## - DEWEY ONLU SINIFLANDIRMA NUMARASI
Sınıflandırma Numarası 306.6
Ürün Numarası I74s 1998
090 ## - SINIFLAMA NUMARASI
Sınıflama Numarası 306.6 I74s 1998
100 ## - ANA GİRİŞ - KİŞİSEL İSİM
Kişisel Ad Işıklı, Alpaslan
245 ## - BAŞLIK TABLOSU
Başlık Said Nursi Fethullah Gülen ve "laik" sempatizanları
Sorumluluk Tablosu, Vb Alpaslan Işıklı
260 ## - YAYIN, DAĞITIM, VB
Yayın, Dağıtım, Vb Yeri Ankara
Yayıncı, Dağıtıcı, Vs Adı Mülkiyeliler Birliği Yayınları
Yayın, Dağıtım, Vb Tarihi 1998
300 ## - FİZİKSEL TANIM
Kapsam 96 s.
Boyutlar 20 sm.
490 ## - SERİSİ TABLOSU
Seri Beyanı Mülkiyeliler Birliği Yayınları
Hacim / Ardışık Tanımı 1
600 ## - KONU KATMA GİRİŞ - KURUMSAL ADI
Kişisel Ad Gülen, Fethullah
Genel Alt Bölümü Siyasal ve sosyal görüşler
600 ## - KONU KATMA GİRİŞ - KURUMSAL ADI
Kişisel Ad Said Nursi
Genel Alt Bölümü Siyasal ve sosyal görüşler
650 ## - KONU KATMA GİRİŞ - TOPİKAL DÖNEM
Topikal Süreli Veya Coğrafi Ad Giriş Elemanı Dini kurumlar
Genel Alt Bölümü Laiklik
650 ## - KONU KATMA GİRİŞ - TOPİKAL DÖNEM
Topikal Süreli Veya Coğrafi Ad Giriş Elemanı Laiklik
Genel Alt Bölümü Din adamları
942 ## - EKLENDİ GİRİŞ ELEMANLARI (KOHA)
Sınıflandırma Veya Raf Düzeni Kaynak Dewey Decimal Classification
Koha Öğesi Türü Books
999 ## - SİSTEM KONTROL NUMARALARI (KOHA)
Koha Biblionumber 3777
Koha Biblioitemnumber 3777
Holdings
Kalıcı Konum Mevcut Konum Edinme Tarihi Edinim Kaynak Toplam Check-Out'Lar Tam Çağrı Numarası Barkod Tarih Son Görülme İtibaren Geçerli Fiyatlar Koha Öğesi Türü
CHP Kütüphanesi CHP Kütüphanesi 02/10/2017 Bağış   306.6 I74s 1998 012980 02/10/2017 02/10/2017 Books